| 000 | 00731cam a22002413a 4500 | ||
|---|---|---|---|
| 001 | 15626 | ||
| 003 | PGUSA | ||
| 005 | 20140828083332.0 | ||
| 008 | 050415s2005||||xxu|||||s|||||000 | eng d | ||
| 040 |
_aPGUSA _beng |
||
| 042 | _adc | ||
| 050 | 4 | _aPC | |
| 100 | 1 |
_aCarraud, Zulma, _d1796-1889 |
|
| 245 | 1 | 0 |
_aContes et historiettes à l'usage des jeunes enfants : _bQui commencent à savoir lire _h[electronic resource] / _cZulma Carraud |
| 260 |
_bProject Gutenberg, _c2005 |
||
| 506 | _aPublic domain in the USA. | ||
| 516 | _aElectronic text | ||
| 653 | _aFrench language -- Readers | ||
| 653 | _aReaders (Primary) | ||
| 830 | 0 |
_aProject Gutenberg _v15626 |
|
| 856 | 4 | 0 | _uhttp://www.gutenberg.org/ebooks/15626 |
| 942 | _cEB | ||
| 999 |
_c244881 _d244881 |
||